000 00339 a2200157 4500
001 182784
020 _a
040 _cMagnum
100 _aStowe, H. Beecher
240 1 0 _aA cabana do pai Tomás
_lpor
245 1 0 _aA cabana do pai Tomás
300 _a153
362 0 _a1999
697 _aLITERATURA GERAL ESTRANGEIRA
942 _cBK
999 _c182784
_d182784